| 000 | 00655nam a2200193 i 4500 | ||
|---|---|---|---|
| 001 | 134862 | ||
| 003 | ES-MaACL | ||
| 005 | 20230906194747.0 | ||
| 007 | t| | ||
| 008 | 070629s1949 sp ||||1| spa d | ||
| 100 | 1 |
_aTijan, Pablo. _9188836 |
|
| 245 | 1 | 3 |
_aLa historiografía rusa dirigida por los Soviets / _cPablo Tiján. |
| 260 |
_aMadrid : _bConsejo Superior de Investigaciones Científicas, _c1949. |
||
| 300 |
_a11 p. ; _c24 cm. |
||
| 500 | _aEs separata de la Rev. Arbor. nº 48.-Diciembre 1949. | ||
| 710 | 2 |
_aConsejo Superior de Investigaciones Científicas (España) _93236 |
|
| 852 |
_aES-MaACL _j1909-F-5 _bR.29273 |
||
| 999 |
_c134862 _d134862 |
||